Studená vojna a Blízky východ: zápas o Sýriu, 1955 – 1958 diplomová práca

Na minha lista:
Detalhes bibliográficos
Autor principal: Alemayehu, Michal
Autor Corporativo: Fakulta medzinárodných vzťahov EU. Katedra medzinárodných politických vzťahov
Outros Autores: Sorby, Karol R.
Formato: Livro
Idioma:eslovaco
Publicado em: Bratislava 2018
Tags: Adicionar Tag
Sem tags, seja o primeiro a adicionar uma tag!

MARC

LEADER 00000nbm a2200000 4500
001 0244429
005 20180806114350.7
041 0 |a slo 
044 |a SK 
245 1 0 |a Studená vojna a Blízky východ: zápas o Sýriu, 1955 – 1958  |b diplomová práca  |c Michal Alemayehu ; školiteľ: Karol Sorby 
264 1 |a Bratislava  |c 2018 
300 |a 61 s. 
100 1 |a Alemayehu, Michal 
700 1 |a Sorby, Karol R. 
710 2 |a Fakulta medzinárodných vzťahov EU. Katedra medzinárodných politických vzťahov